00976 2200325 4500001002100000005001500021035002000036007000300056008004100059020002200100040002200122082001500144084001700159090002200176100004500198245007400243250002600317300004500343650003100388700002200419850001200441041001300453504003400466264003200500336002100532337003000553338002300583999002200606990002200628INLIS00000000086520220211006083833 a0010-1021000122ta211006s2021 yoia d 0 ind d a978-623-6175-24-8 aYOPDYOGbinderda 223a495.7704a495.77 ASF a aCB-D.11 2021-12720 aAsfara Onnisa Yogmalandad1996-epenulis10aAsyik belajar bahasa Korea lewat k-drama /cAsfara; penyunting, Pluto aCetakan pertama, 2021 a156 halaman :bilustrasi, tabel ;c20 cm 4aBahasa Korea--vPercakapan0 aPlutoepenyunting aYOPDYOG aindgkor aBibliografi : halaman 153-15431aYogyakarta :bNoktah,c2021 2rdacontentateks 2rdamediaatanpa perantara 2rdacarrieravolume aCB-D.11/2021-1272 aCB-D.11/2021-1272